00441nam a2200121Ia 4500008004100000100001500041245004600056245005800102260000900160856005800169999001900227952007300246160531s9999 xx 000 0 und d aHansen, J. aEarth's Energy Imbalance and Implications cby J. Hansen, M. Sato, P. Kharecha, K. von Schuckmann c2011 uhttps://arxiv.org/ftp/arxiv/papers/1105/1105.1140.pdf c295100d295100 001040aCLbCLd2016-05-31l0r2016-05-31 00:00:00w2016-05-31yCBE